00318nam a2200133Ia 450000500170000000800410001702000180005808200130007610000180008924500160010726000380012330000130016165000100017420250430014655.0240331s9999 xx 000 0 und d a9789552119361 bJAYa891 aJayawardena,C 0aSathya kama aColombobM.d. Gunasena Bookc2008 a274 p ., aNovel